ბათუმის შოთა რუსთაველის სახელმწიფო უნივერსიტეტის ბიბლიოთეკა

თანამედროვე ფული და ფულის მიმოქცევა (ბიბ.ჩანაწერი № 43805)

000 -LEADER
fixed length control field 01033nam a2200265Ia 4500
001 - CONTROL NUMBER
control field 10550
003 - CONTROL NUMBER IDENTIFIER
control field GE_BSU
008 - FIXED-LENGTH DATA ELEMENTS--GENERAL INFORMATION
fixed length control field 181216s||||||||xx |||||||||||||| ||und||
020 ## - INTERNATIONAL STANDARD BOOK NUMBER
International Standard Book Number 9789941011917
040 ## - CATALOGING SOURCE
Transcribing agency GE_BSU
080 ## - UNIVERSAL DECIMAL CLASSIFICATION NUMBER
Universal Decimal Classification number 336.74(075.8)
100 ## - MAIN ENTRY--PERSONAL NAME
Personal name ბახტაძე,ლელა;კაკულია,რევაზ;კანდელაკიშვილი,ლაშა
245 ## - TITLE STATEMENT
Title თანამედროვე ფული და ფულის მიმოქცევა
245 ## - TITLE STATEMENT
Remainder of title სახელმძღვ.
245 ## - TITLE STATEMENT
Statement of responsibility, etc. რედ.რევაზ კაკულია
260 ## - PUBLICATION, DISTRIBUTION, ETC.
Place of publication, distribution, etc. თბილისი
260 ## - PUBLICATION, DISTRIBUTION, ETC.
Name of publisher, distributor, etc. ეროვნული მწერლობის" სტ.
260 ## - PUBLICATION, DISTRIBUTION, ETC.
Date of publication, distribution, etc. 2010
300 ## - PHYSICAL DESCRIPTION
Extent 320გვ.20სმ.
300 ## - PHYSICAL DESCRIPTION
Accompanying material ბიბლიოგრ. გვ. 315-316
653 ## - INDEX TERM--UNCONTROLLED
Uncontrolled term ეკონომიკა
653 ## - INDEX TERM--UNCONTROLLED
Uncontrolled term თანამედროვე ფული და ფულის მიმოქცევა
942 ## - ADDED ENTRY ELEMENTS (KOHA)
Koha item type წიგნი
ეგზემპლარები
Withdrawn status Lost status Damaged status Not for loan Date acquired Barcode Date last seen Price effective from Koha item type
        2018-12-17 34407 2018-12-17 2018-12-17 წიგნი
        2018-12-17 34408 2018-12-17 2018-12-17 წიგნი
        2018-12-17 34409 2018-12-17 2018-12-17 წიგნი